000 00517nam a2200181Ia 4500
008 220216s9999 xx 000 0 und d
100 _aVeeraputhran S
245 0 _aTrends in seasonality of natural rubber production in major producing countries: A disaggregate level analysis
260 _bRubber Science
_c2017
300 _a66-75
650 _aChange-point analysis
650 _aClimate change
650 _aProduction
650 _aSeasonality
700 _aGeorge K T
700 _aRaj S
942 _cBS
999 _c49728
_d49728